000 00599nam a2200205 i 4500
001 C2-0169377
003 PPAK
005 20180728092536.0
008 980726s1978 my |||| ||||| | may d
040 _aPPAK
_beng
_cPPAK
_erda
082 0 4 _a297.7
_2 23
090 0 0 _a297.7
_bSEM
_dKIH
245 0 0 _aSeminar Dakwah Islamiah Kebangsaan (1978 : Bangi)
264 1 _aBangi, Selangor :
_bPersatuan Mahasiswa Universiti Kebangsaan Malaysia ,
_c1978
300 _a18 pages ;
_c18 cm
336 _2rdacontent
_atext
337 _2rdamedia
_aunmediated
338 _2rdacarrier
_avolume
942 _ddc
_cB
999 _c153367
_d153367